[Event "BCF-chT3 1314 (4NCL)"]
[Site "England"]
[Date "2014.05.05"]
[Round "11.237"]
[White "Chauhan, Pranay"]
[Black "Perrett, David C"]
[Result "1/2-1/2"]
[WhiteElo "1503"]
[BlackElo "1957"]
[PlyCount "52"]
[EventDate "2013.11.16"]
[EventType "team-swiss"]
[EventRounds "11"]
[EventCountry "ENG"]
[SourceTitle "EXT 2015"]
[Source "ChessBase"]
[SourceDate "2014.11.20"]
[SourceVersion "1"]
[SourceVersionDate "2014.11.20"]
[SourceQuality "1"]
[WhiteTeam "Barnet Knights"]
[BlackTeam "The Full Ponty"]
[WhiteTeamCountry "ENG"]
[BlackTeamCountry "ENG"]

1. d4 f5 2. Nc3 Nf6 3. Bg5 g6 4. Bxf6 exf6 5. e3 d5 6. h4 c6 7. h5 Bg7 8. hxg6 hxg6 9. Rxh8+ Bxh8 10. Nh3 Kf7 11. Bd3 Bg7 12. Qf3 Nd7 13. 0-0-0 Nf8 14. Nf4 Be6 15. Rh1 Qd7 16. Qh3 Re8 17. g4 fxg4 18. Qh4 Bf5 19. Nce2 Ke7 20. Bxf5 Qxf5 21. Rg1 Ne6 22. Qxg4 Qxg4 23. Rxg4 Nxf4 24. Nxf4 g5 25. Ne2 Kf7 26. Kd2 Rh8 1/2-1/2

[Event "London op Congress August U1900"]
[Site "London"]
[Date "2013.08.26"]
[Round "6"]
[White "Byrne, Ken J"]
[Black "Chauhan, Pranay"]
[Result "0-1"]
[WhiteElo "1194"]
[BlackElo "1634"]
[PlyCount "80"]
[EventDate "2013.08.24"]
[EventType "swiss"]
[EventRounds "6"]
[EventCountry "ENG"]
[SourceTitle "EXT 2023"]
[Source "ChessBase"]
[SourceDate "2022.10.05"]
[SourceVersion "1"]
[SourceVersionDate "2022.10.05"]
[SourceQuality "1"]

1. c4 Nf6 2. g3 e6 3. Nc3 d5 4. cxd5 exd5 5. d4 h6 6. Bg2 c6 7. Nf3 Bd6 8. 0-0 0-0 9. a3 Bf5 10. h3 Re8 11. Nd2 Nbd7 12. Re1 Qb6 13. e4 dxe4 14. Ndxe4 Nxe4 15. Nxe4 Bxe4 16. Bxe4 Nf6 17. Qd3 Rad8 18. Bxh6 gxh6 19. Bf5 Rxe1+ 20. Rxe1 Bf8 21. Rd1 Qxb2 22. Rb1 Qxd4 23. Qxd4 Rxd4 24. Rxb7 Ra4 25. Rc7 c5 26. Rc6 Nd5 27. h4 Rxa3 28. g4 Rc3 29. h5 Ne7 30. Ra6 Nxf5 31. gxf5 Rf3 32. Rxa7 Rxf5 33. Ra4 Rxh5 34. Rg4+ Rg5 35. Rxg5+ hxg5 36. f3 f5 37. Kf2 Bg7 38. f4 g4 39. Kg3 c4 40. Kh4 Bh6 0-1

[Event "London op Congress August U1900"]
[Site "London"]
[Date "2013.08.26"]
[Round "5"]
[White "Chauhan, Pranay"]
[Black "Olutola, Taiwo"]
[Result "0-1"]
[WhiteElo "1634"]
[BlackElo "1475"]
[PlyCount "156"]
[EventDate "2013.08.24"]
[EventType "swiss"]
[EventRounds "6"]
[EventCountry "ENG"]
[SourceTitle "EXT 2023"]
[Source "ChessBase"]
[SourceDate "2022.10.05"]
[SourceVersion "1"]
[SourceVersionDate "2022.10.05"]
[SourceQuality "1"]

1. d4 d5 2. Nf3 Nf6 3. Bf4 e6 4. e3 Bd6 5. Bxd6 Qxd6 6. a3 0-0 7. c4 c5 8. Nc3 Rd8 9. cxd5 Nxd5 10. Ne4 Qb6 11. Nxc5 Nd7 12. Nb3 e5 13. Bd3 exd4 14. Nfxd4 N7f6 15. 0-0 Bg4 16. Qd2 Ne7 17. Qa5 Qxa5 18. Nxa5 b6 19. Nab3 h6 20. Be2 Bxe2 21. Nxe2 Rd3 22. Ned4 Ne4 23. Rac1 a5 24. Rfd1 Rxd1+ 25. Rxd1 a4 26. Nd2 Nc5 27. Nc4 Rb8 28. Kf1 b5 29. Nd6 b4 30. N6b5 bxa3 31. bxa3 Ne4 32. Rc1 Rb7 33. Ke2 Nd5 34. f3 Nef6 35. Rc4 Nb6 36. Rc2 Nfd5 37. e4 Nf4+ 38. Ke3 g5 39. g3 Ng6 40. Nd6 Rd7 41. Rc6 Rxd6 42. Rxd6 Nc4+ 43. Kd3 Nxd6 44. Kc3 Ne5 45. Kb4 Kf8 46. Kxa4 Ke8 47. Kb4 Kd7 48. a4 Kc7 49. a5 Nc6+ 50. Nxc6 Kxc6 51. e5 Nf5 52. f4 Ne3 53. Ka4 gxf4 54. gxf4 h5 55. a6 Kb6 56. a7 Kxa7 57. Kb5 Kb7 58. Kc5 Kc7 59. Kd4 Nf1 60. h3 Ng3 61. Ke3 Kd7 62. Kf3 Nf5 63. e6+ fxe6 64. Ke4 Kd6 65. Kf3 Kd5 66. h4 Nxh4+ 67. Kf2 Ke4 68. Kg3 Nf5+ 69. Kg2 Kxf4 70. Kh3 Kf3 71. Kh2 Kf2 72. Kh3 e5 73. Kh2 e4 74. Kh3 e3 75. Kh2 e2 76. Kh3 e1Q 77. Kh2 Qg1+ 78. Kh3 Qg3# 0-1

[Event "London op Congress August U1900"]
[Site "London"]
[Date "2013.08.24"]
[Round "2"]
[White "Haddock, Paul"]
[Black "Chauhan, Pranay"]
[Result "1-0"]
[WhiteElo "1684"]
[BlackElo "1634"]
[PlyCount "59"]
[EventDate "2013.08.24"]
[EventType "swiss"]
[EventRounds "6"]
[EventCountry "ENG"]
[SourceTitle "EXT 2023"]
[Source "ChessBase"]
[SourceDate "2022.10.05"]
[SourceVersion "1"]
[SourceVersionDate "2022.10.05"]
[SourceQuality "1"]

1. e4 e6 2. d4 d5 3. Nd2 Nf6 4. e5 Nfd7 5. Ndf3 c5 6. c3 Nc6 7. Bd3 cxd4 8. cxd4 Qb6 9. Ne2 Be7 10. 0-0 f6 11. Nf4 fxe5 12. dxe5 Ndxe5 13. Nxe5 Nxe5 14. Qh5+ Nf7 15. Re1 g6 16. Qe2 Qd6 17. Nxe6 Bxe6 18. Qxe6 Qxe6 19. Rxe6 Kd7 20. Re2 Bf6 21. Bb5+ Kd6 22. Bf4+ Be5 23. Bxe5+ Nxe5 24. Rae1 Nc6 25. Re6+ Kc5 26. Bxc6 bxc6 27. Rc1+ Kd4 28. Rexc6 Rhe8 29. Kf1 Re7 30. Rd1+ 1-0

[Event "Hampstead op U2200 03"]
[Site "Hampstead"]
[Date "2013.03.16"]
[Round "2"]
[White "Kalavannan, Koby"]
[Black "Chauhan, Pranay"]
[Result "1-0"]
[WhiteElo "1659"]
[BlackElo "1450"]
[PlyCount "55"]
[EventDate "2013.03.16"]
[EventType "swiss"]
[EventRounds "5"]
[EventCountry "ENG"]
[SourceTitle "EXT 2014"]
[Source "ChessBase"]
[SourceDate "2013.11.20"]
[SourceVersion "1"]
[SourceVersionDate "2013.11.20"]
[SourceQuality "1"]

1. e4 e6 2. d4 d5 3. exd5 exd5 4. c4 dxc4 5. Bxc4 Bd6 6. Nc3 Nf6 7. Nf3 0-0 8. 0-0 Bf5 9. Bg5 h6 10. Bh4 c6 11. d5 cxd5 12. Nxd5 Nbd7 13. Ne3 Be4 14. Qxd6 Bxf3 15. gxf3 Rc8 16. Bxf6 Nxf6 17. Qxd8 Rfxd8 18. Rad1 Re8 19. Bb3 Nh5 20. Nf5 Rf8 21. Ne7+ Kh8 22. Nxc8 Rxc8 23. Bxf7 Nf4 24. Rfe1 Kh7 25. Be6 Rc2 26. Bf5+ Ng6 27. Bxc2 b6 28. Re6 1-0